Quizzes
Events
Quiz Creation
Community
Videos
Private Events
Remove Ads
Sign In
Join for FREE
Feedback
Dark Mode
Quiz Categories
Sports
Geography
Music
Movies
Television
Just For Fun
Miscellaneous
History
Literature
Language
Science
Gaming
Entertainment
Religion
Holiday
For Kids
Quiz Lab
Recent
Popular Today
Quiz Kudos Today
Editor Picks
Curator Picks
Quizzes by...
Day
Popularity
Type
Ratings
Length
Year
Community
Subscriptions
Recent Discussions
Orange Saloon
Badges
Playlists
Quests
Create
Leaderboards
Showdown
Live 5
Trivia Bingo
Activity
Puzzle Library
Sporcle Events
Private Events
Virtual Trivia
Globe League
Become a Host
Pub Owners
SporcleCon
Opinionation
Our Games
Videos
Blog
Mobile Apps
Partnerships
Remove Ads and Go Orange
Feedback
Language
Vocabulary
Begins and Ends
Definition
Spanish
French
German
Italian
Chinese
Latin
Translation
Japanese
Language
Vocabulary
Begins and Ends
Definition
Spanish
French
German
Italian
Chinese
Latin
Translation
Japanese
Random Quiz
Search Sporcle
×
Quiz Lab
Quiz Lab
Language
TV Show
Select answers by clicking on text or image buttons
Select answers by clicking on text or image buttons
Clickable
Best Score? Go Orange.
Game of Thrones: Dothraki-Common Tongue Stats
Can you pick the correct translation for these Dothraki sentences?
By
Nietos
7m
22 Questions
1,262 Plays
1,262 Plays
1,262 Plays
Comments
Comments
Give Quiz Kudos
Give Quiz Kudos
-
- Ratings
hide this ad
Forced Order
Answers have to be entered in order
Answers have to be entered in order
Replay
Link that replays current quiz
Next Quiz
Link to next quiz in quiz playlist
You Got
0%
They Got
Avg Score
33%
Avg Friend Score
Upgrade to see
Score Distribution
Jump to the score distribution portion of the page
Score
0/22
Timer
07:00
0
Plays Today
% Correct
A Khal who cannot ride is no khal.
65.6%
You are nobody, the millionth of your name, Queen of Nothing, slave of Khal Moro.
61.6%
Are you with me, now and always?
54.1%
You have made a mistake. One you will regret. I am the wife of the Great Khal.
51%
I swear before the mother of mountains as the stars look down in witness. As the stars look down in witness.
50.8%
You’re not going to serve. You’re going to die.
43.7%
I have never been nothing. I am the blood of the dragon.
39.9%
Is it true you have three dragons?
39%
I will give to him a golden crown and men will tremble when they will see it.
38.4%
Blood of my blood.
34.7%
I like her. She has spirit.
34.2%
% Correct
It is known.
32.3%
My sun and stars.
28.5%
Moon of my live.
22.4%
First you have to kill me.
21.9%
When sun rises from the west and sets in the east.
18.3%
Do not touch me.
17.4%
Tonight I would look upon your face.
16.7%
A blessing from the great stallion.
16.6%
The stallion that mounts the world.
16.6%
That sounds like something that you would do.
13.5%
It is forbidden to spill blood in the sacred city.
12.4%
Quiz Playlist
Details
Report
Send in Message
Add To Playlist
Clickable:
Select answers by clicking on text or image buttons
Forced Order:
Answers have to be entered in order
Quiz Source
Last Updated: Apr 3, 2018
Quiz Scoreboard
CHALLENGE
Sign Up to Join the Scoreboard
Show All
Scores
Hide
Comments
May contain spoilers
Recently Published
An Introduction to Baseball
by treessimontrees
Sports
5m
Movies - When Are They Set?
by FPL_Elf
Movies
5m
Popular People in 1961
by mucciniale
History
6m
More to Explore
Quiz From the Vault
Featured Blog Post
Where Did the Easter Bunny Come From?
hide this ad
You Might Also Like...
Tags
A Song of Ice and Fire Quiz
Clickable Quiz
Quote Quiz
Show Quiz
Translation Quiz
TV Show Quiz
Game of Thrones
TV Quotes
Today's Top Quizzes in Language
Browse Language
hide this ad
Today's Top Quizzes in TV Show
Browse TV Show
Top Contributed Quizzes in Language
1
1-10 Letter F Words III
2
Order Up: Top 10 Most Native Spoken Languages
3
1-10 Letter G Words III
4
1-10 Letter H Words III
5
One Thing in Common: Italy
6
1-10 Letter I Words III
7
Weisst du, aus welchen Sprachen diese Wörter stammen?
8
1-10 Letter J Words III
9
Begins and Ends With AN
10
Hiragana Speed Reading
Explore More
Trending Topics
Anime
Crossword
Disney
Harry Potter
Marvel
NBA
Kpop
Pokémon
Country
Puzzle
NFL
Soccer
Song
WWE
The Office
hide this ad
More By:
Nietos
Quiz
Plays
Rating
Category
Featured
Created
Order Up: House Lannister
25
5.00
Literature
Mar 26, 2024
Order Up: House Tully
27
5.00
Literature
Mar 26, 2024
Order Up: House Baratheon
50
5.00
Literature
Mar 25, 2024
Order Up: House Stark
60
5.00
Literature
Mar 25, 2024
One Piece Characters by Funko Pop! Figures II
101
4.00
Entertainment
Mar 20, 2024
Go to Creator's Profile
Score Distribution
Quiz Creator Spotlight
Nietos
Follow
Send a Message
Quizzes Created
-
Created Quiz Play Count
-
More By This Creator
Popular Quizzes Today
1
Find the Countries of Europe - No Outlines Minefield
2
Find the US States - No Outlines Minefield
3
The Countries of the World
4
Popular People in 1961
5
US States
6
Find the US States
7
1-10 Letter E Words III
8
Risky Map Clicking: Biggest States A-Z
More Language Quizzes
Stuck in the Middle with 'M'
Published
Trending Quizzes
Risky Map Clicking: Least Populous States A-Z
1-10 Letter F Words
1-10 Letter G Words
One Thing in Common: United Kingdom
Risky Map Clicking: Next State Alphabetically
Recently Updated
Leaping Animals
pecheneg
Reality TV Shows (A-Z)
bhenderson79
Rickey Henderson's Hall of Fame Teammates
pecheneg
Champions League XIs: Arsenal
pecheneg
Quick Pick: Celebrities in WWE's Hall of Fame
aduchscher
A-Z Keypad Blitz II
pecheneg
Multiple Oscar Actors
pecheneg
Mystery Phrase Blitz: Oscar 'Best Actors'
pecheneg
F. Scott Fitzgerald Novels
LTH
Pick 3 Villains
ddd62291
Trending Topics
Marvel
Harry Potter
Crossword
Kpop
Anime
NBA
Disney
Country
Pokémon
WWE
Soccer
The Office
Puzzle
Song
NFL
Your Account Isn't Verified!
In order to create a playlist on Sporcle, you need to verify the email address you used during registration. Go to your
Sporcle Settings
to finish the process.
Report this User
Report this user for behavior that violates our
Community Guidelines
.
Details:
Send Report
Go to the Sporcle.com Mobile Site →
Comments